Guess the Fusion Rock Song Lyrics #6 - Statistics

General Stats
  • This quiz has been taken 18 times
  • The average score is 183 of 285
Answer Stats
Answer % Correct
B
100%
the
100%
The
100%
I
94%
a
88%
go
88%
is
88%
and
81%
And
81%
me
81%
on
81%
all
75%
John
75%
sloop
75%
This
75%
to
75%
up
75%
wanna
75%
We
75%
we
75%
home
69%
in
69%
My
69%
my
69%
of
69%
sail
69%
so
69%
So
69%
been
63%
ever
63%
for
63%
he
63%
how
63%
I've
63%
let
63%
Let
63%
then
63%
you
63%
Beach Boys
56%
don't
56%
Got
56%
got
56%
take
56%
they
56%
Well
56%
Why
56%
worst
56%
yeah
56%
did
50%
first
50%
into
50%
main
50%
night
50%
See
50%
trip
50%
broke
44%
feel
44%
fight
44%
hoist
44%
Hoist
44%
mate
44%
away
38%
captain
38%
grandfather
38%
Around
31%
B's
31%
Call
31%
captain's
31%
come
31%
drunk
31%
had
31%
took
31%
town
31%
trunk
31%
ashore
25%
Drinkin
25%
him
25%
roam
25%
sets
25%
threw
25%
alone
19%
corn
19%
leave
19%
Sheriff
19%
Stone
19%
ate
13%
cook
13%
grits
13%
caught
6%
constable
6%
fits
6%
Nassau
6%
poor
6%
No matching quizzes found
Score Distribution
Percent of People with Each Score
Percentile by Number Answered
Your Score History
You have not taken this quiz